[Event "Michigan Open Reserve"]
[Site "Lansing, MI"]
[Date "2001.09.02"]
[Round "4.6"]
[White "Aldrich, Justin"]
[Black "Biondo, Anthony"]
[Result "0-1"]
[WhiteElo "1525"]
[BlackElo "1672"]
[PlyCount "106"]
[EventDate "2001.08.31"]

1. e4 c5 2. Nf3 Nc6 3. Bb5 g6 4. O-O Bg7 5. c3 Nf6 6. Re1 O-O 7. d4 cxd4 8.
cxd4 d6 9. h3 a6 10. Ba4 b5 11. Bc2 Bb7 12. a3 Rc8 13. Nc3 Na5 14. Rb1 Qd7 15.
Bd2 Nc4 16. Bd3 Rc7 17. Bxc4 Rxc4 18. Bg5 Rfc8 19. e5 Nd5 20. Nxd5 Bxd5 21.
exd6 exd6 22. Re7 Qf5 23. Be3 Bxf3 24. gxf3 Qxh3 25. b3 R4c6 26. a4 Bh6 27.
axb5 axb5 28. Qe1 Qxf3 29. Bxh6 Qg4+ 30. Kh2 Qh4+ 31. Kg2 Qxh6 32. Re8+ Kg7 33.
Qe7 Rxe8 34. Qxe8 Qg5+ 35. Kh2 Rc2 36. Qe1 Qf4+ 37. Kg2 Qxd4 38. Rd1 Qe5 39.
Qf1 Rc3 40. b4 Qe4+ 41. Kg1 Qg4+ 42. Kh2 Qh4+ 43. Kg1 Rc4 44. Qd3 Rg4+ 45. Kf1
Qh1+ 46. Ke2 Qe4+ 47. Qe3 Qxb4 48. Qf3 h5 49. Rc1 Qb2+ 50. Kd1 Rd4+ 51. Ke1
Qxc1+ 52. Ke2 Qd1+ 53. Ke3 Qd2# 0-1

[Event "Michigan Open Booster"]
[Site "Lansing, MI"]
[Date "2001.09.03"]
[Round "6.6"]
[White "Zaremba, Anatoli"]
[Black "Krivochenitser, Roman"]
[Result "0-1"]
[WhiteElo "1061"]
[BlackElo "1381"]
[PlyCount "70"]
[EventDate "2001.08.31"]

1. d4 d5 2. c4 c6 3. e3 Nf6 4. Nc3 e6 5. Nf3 Nbd7 6. cxd5 cxd5 7. Bb5 Bd6 8.
O-O O-O 9. Re1 a6 10. Ba4 b5 11. Bc2 Bb7 12. Qd3 Ne4 13. Nd2 f5 14. f3 Qh4 15.
g3 Bxg3 16. Re2 Nf2 17. Rxf2 Bxf2+ 18. Kf1 Qxh2 19. Ke2 b4 20. Nf1 Qg2 21. Na4
a5 22. Nc5 Nxc5 23. dxc5 Ba6 24. Bd2 f4 25. Be1 fxe3 26. Bxf2 Qxf3+ 27. Ke1
Bxd3 28. Bxd3 Qxf2+ 29. Kd1 Qxb2 30. Nxe3 Qxa1+ 31. Kd2 Qxa2+ 32. Kc1 Rf2 33.
c6 Rc8 34. c7 Qb2+ 35. Kd1 Qa1+ 0-1

[Event "Michigan Open Booster"]
[Site "Lansing, MI"]
[Date "2001.09.03"]
[Round "7.17"]
[White "Young, Josh"]
[Black "Willett, Lindsay"]
[Result "1/2-1/2"]
[WhiteElo "794"]
[BlackElo "834"]
[PlyCount "69"]
[EventDate "2001.08.31"]

1. d4 d5 2. e3 Nc6 3. c3 Nf6 4. Nd2 e5 5. f3 exd4 6. exd4 Bd6 7. Bd3 O-O 8. Ne2
Nh5 9. O-O Bf4 10. Nxf4 Nxf4 11. Nb3 Nxd3 12. Qxd3 Ne7 13. f4 Bf5 14. Qg3 Qd6
15. Qg5 Rfe8 16. Rf3 Qg6 17. Re3 Qxg5 18. fxg5 g6 19. Bd2 Nc6 20. Rxe8+ Rxe8
21. Re1 Rxe1+ 22. Bxe1 b6 23. a4 Bc2 24. Nc1 Bxa4 25. Bg3 b5 26. Nd3 Bc2 27.
Ne5 Nxe5 28. Bxe5 c6 29. b4 a6 30. Kf1 Kf8 31. Ke1 Be4 32. Kf2 Ke7 33. Kg3 Ke6
34. Kf4 Bxg2 35. h4 1/2-1/2

[Event "Michigan Open Reserve"]
[Site "Lansing, MI"]
[Date "2001.09.03"]
[Round "7.1"]
[White "Yang, Yinghan"]
[Black "West, Tony"]
[Result "1-0"]
[WhiteElo "1759"]
[BlackElo "1734"]
[Annotator "Bob Ciaffone"]
[PlyCount "63"]
[EventDate "2001.08.31"]

{Sicilian: Pelikan (Chelyabinsk) In this game, white displays the excellent
positional play. Despite very reasonable defense by black, white sustains
pressure throughout the game. Finally, in a bad position, black blunders, and
white pounces for the kill.} 1. e4 c5 {The Sicilian Defense} 2. Nf3 Nc6 3. d4 {
White shows he is not afraid to play a main-line position.} cxd4 4. Nxd4 Nf6 5.
Nc3 e5 {The Sveshnikov Defense, often used by our World Champion, Vladimir
Kramnik.} 6. Ndb5 d6 7. Bg5 a6 8. Na3 b5 9. Nd5 {This move leads to quiet
positional play, where the other main line, 9.Bxf6 gxf6, leads to more
unbalanced positions where black's bishop-pair compensates for his doubled
f-pawns.} Be7 10. Bxf6 Bxf6 11. g3 {11.c3 is considered to be White's best,
but the text is also played. Ljubojevic used it in 1993, though his opponent
Illescas equalized.} O-O 12. Bg2 Be6 13. O-O Rc8 14. c3 Be7 $6 {Black should
play 14...Bg5 to retain the bishop-pair.} 15. Nc2 Re8 16. Nce3 Bf8 {So, black
has retained the bishop-pair this way. But what good are the bishops unless
you have a pawn lever to open the game for them? Black has his rook misplaced,
where it no longer supports the f5 break.} 17. Qe2 Ne7 18. a4 $1 {Excellent.
White is going to get play on the queenside against the weak black pawns.} Nxd5
19. Nxd5 Bd7 {DIAGRAM How good are bishops here? My California friend Dan
Harrington, a strong master when his main game was chess, would mock me in
such positions when we'd play a friendly game at our house. He knew I loved
the bishops, so he would say,"Which one of your bishops is as good as my
horse?" In this position, the answer would have to be the horse is boss.} 20.
Qe3 Rb8 21. axb5 Bxb5 {Taking with the pawn looks more natural, but then white
penetrates to a7 with his rook.} 22. Rfb1 Qc8 23. Nb4 Be7 24. Bf1 $1 {The
white bishop enters the game with strong effect. Instead of having two bishops,
black will have a bad bishop against a mighty knight.} Ra8 25. Nd5 Bd8 {Black
has made a good effort to guard his weaknesses, but white still has pressure.}
26. Bxb5 axb5 27. Ra7 Rxa7 28. Qxa7 Qc4 29. Qd7 Rf8 30. Qxd6 Qxe4 31. Ra1 {
Black by good play has preserved the material balance so far, but look at the
difference in activity of each side's pieces.} Bg5 $4 {Black, in a bad
position, overlooks a tactic. DIAGRAM White to win} 32. Qxf8+ $1 {It is mate
in two after 32...Kxf8 33.Ra8+ Bd8 34.Rxd8 mate.} 1-0

[Event "Michigan Open Reserve"]
[Site "Lansing, MI"]
[Date "2001.09.03"]
[Round "6.23"]
[White "Wright, Eric"]
[Black "Holden, Anthony"]
[Result "0-1"]
[WhiteElo "1448"]
[BlackElo "1503"]
[PlyCount "120"]
[EventDate "2001.08.31"]

1. d4 d5 2. Nf3 Bg4 3. c4 e6 4. Ne5 Bf5 5. Qb3 Nc6 6. Qa4 Bxb1 7. Rxb1 Bb4+ 8.
Bd2 Bxd2+ 9. Kxd2 Qg5+ 10. e3 Nge7 11. cxd5 exd5 12. Nxc6 bxc6 13. g3 Qf6 14.
Ke1 O-O 15. Bd3 Rfb8 16. Ke2 Qh6 17. Kf1 a5 18. a3 Qh3+ 19. Kg1 Rb6 20. Bf1 Qf5
21. Qd1 Rab8 22. Bd3 Qh3 23. Qc2 g6 24. Bf1 Qe6 25. Bg2 Nc8 26. Bf3 Nd6 27. b3
Qe7 28. Kg2 h5 29. h4 Nf5 30. b4 axb4 31. axb4 Qd6 32. Rb3 Rxb4 33. Rxb4 Rxb4
34. Rc1 Rc4 35. Qb2 Rxc1 36. Qxc1 Kf8 37. Qc5 Qxc5 38. dxc5 Ng7 39. g4 Ne6 40.
gxh5 Nxc5 41. hxg6 fxg6 42. Bd1 Ne6 43. Bc2 Kf7 44. Kg3 c5 45. Kg4 Kf6 46. f4
d4 47. exd4 cxd4 48. Bd3 Nc5 49. Bb1 Nb7 50. f5 gxf5+ 51. Bxf5 c5 52. h5 Nd6
53. Bc2 c4 54. h6 d3 55. Bxd3 cxd3 56. Kf3 Nc4 57. h7 Kg7 58. h8=Q+ Kxh8 59.
Kf2 Kg7 60. Kf3 Kf6 0-1

[Event "Michigan Open Booster"]
[Site "Lansing, MI"]
[Date "2001.09.03"]
[Round "6.14"]
[White "Welch, Eric"]
[Black "Mitchell, Dave"]
[Result "1/2-1/2"]
[WhiteElo "1079"]
[BlackElo "1295"]
[PlyCount "80"]
[EventDate "2001.08.31"]

1. e4 c6 2. d4 d5 3. e5 Bf5 4. Bd3 Bxd3 5. Qxd3 e6 6. Nf3 Nd7 7. Nbd2 c5 8. b3
cxd4 9. Nxd4 Rc8 10. N2f3 Bb4+ 11. Bd2 Bxd2+ 12. Qxd2 a6 13. b4 Qc7 14. Qf4
Qc3+ 15. Ke2 Nh6 16. Qd2 Qxd2+ 17. Kxd2 Ng4 18. Ke2 Ngxe5 19. Nd2 Ke7 20. N2b3
Nc4 21. f4 Rc7 22. Rhe1 Rhc8 23. Kf2 Kf8 24. Re2 Nf6 25. Nc5 Ne4+ 26. Nxe4 dxe4
27. Rxe4 Na3 28. Rc1 Nxc2 29. Nxc2 Rxc2+ 30. Rxc2 Rxc2+ 31. Re2 Rxe2+ 32. Kxe2
Ke7 33. Ke3 Kd6 34. Kd3 b5 35. Kd4 h5 36. a3 f6 37. h4 e5+ 38. Ke4 g6 39. f5
gxf5+ 40. Kxf5 Kd5 1/2-1/2

[Event "Michigan Open"]
[Site "Lansing, MI"]
[Date "2001.09.03"]
[Round "7.2"]
[White "Ward, Tom"]
[Black "Palmer, Tony"]
[Result "1/2-1/2"]
[WhiteElo "2210"]
[BlackElo "2051"]
[Annotator "Don Vandivier"]
[PlyCount "40"]
[EventDate "2001.08.31"]

{Bishop's Opening: Berlin} 1. e4 e5 2. Bc4 Nf6 3. d3 c6 4. Nf3 d5 5. Bb3 Bb4+
6. c3 Bd6 7. Nbd2 Nbd7 8. O-O O-O 9. Re1 Re8 {The "book move" shows 9...Qc7,
but I think 9...Re8 may be an improvement.} 10. Nf1 Nc5 11. Bc2 dxe4 12. dxe4
Bg4 13. Ng3 Bc7 14. Qe2 Nh5 15. Nxh5 Bxh5 16. Bg5 {White has no good square
for this bishop. If he played passively with 16.h3 then black would continue
with 16...Ne6} Qxg5 {Practically forced.} 17. Nxg5 Bxe2 18. Rxe2 h6 19. Nf3
Rad8 20. Rd1 Rxd1+ {The game is exactly even.} 1/2-1/2

[Event "Michigan Open Reserve"]
[Site "Lansing, MI"]
[Date "2001.09.03"]
[Round "6.14"]
[White "Vorhauer, Sam"]
[Black "Moroney, Timothy"]
[Result "0-1"]
[WhiteElo "1392"]
[BlackElo "1581"]
[PlyCount "116"]
[EventDate "2001.08.31"]

1. d4 Nf6 2. Nf3 d5 3. e3 Bf5 4. Bd3 Bg6 5. c3 e6 6. Qc2 Nbd7 7. Nbd2 c5 8.
Bxg6 hxg6 9. Ne5 Bd6 10. Ndf3 Ke7 11. Bd2 Bxe5 12. Nxe5 Nxe5 13. dxe5 Ng4 14.
f4 Nxh2 15. O-O-O Ng4 16. Rdf1 d4 17. cxd4 Rc8 18. Kb1 Qc7 19. Rxh8 Rxh8 20.
Qxc5+ Qxc5 21. dxc5 Rh2 22. Kc2 Rxg2 23. Kc3 Nf2 24. Bc1 g5 25. a4 Ne4+ 26. Kd4
Ng3 27. Rd1 Ne2+ 28. Kd3 Nxc1+ 29. Rxc1 Rxb2 30. c6 bxc6 31. Rxc6 Rb3+ 32. Ke2
gxf4 33. Rc7+ Ke8 34. exf4 a5 35. Ra7 Rb4 36. Rxa5 Rxf4 37. Ke3 Rb4 38. Ra8+
Kd7 39. Ra7+ Kc6 40. Rxf7 Rxa4 41. Rxg7 Kd5 42. Rd7+ Kxe5 43. Re7 Ra3+ 44. Kd2
Kd4 45. Rd7+ Ke4 46. Re7 e5 47. Ke2 Ra2+ 48. Kd1 Kd3 49. Kc1 e4 50. Rd7+ Ke2
51. Rh7 Ra1+ 52. Kb2 Rf1 53. Kc2 e3 54. Re7 Kf2 55. Rf7+ Ke1 56. Re7 e2 57. Kc1
Kf2+ 58. Kd2 e1=Q+ 0-1

[Event "Michigan Open Reserve"]
[Site "Lansing, MI"]
[Date "2001.09.03"]
[Round "7.17"]
[White "Vorhauer, Sam"]
[Black "Grzegorczyk, Ron"]
[Result "1/2-1/2"]
[WhiteElo "1392"]
[BlackElo "1511"]
[PlyCount "66"]
[EventDate "2001.08.31"]

1. d4 d5 2. Nf3 Nf6 3. e3 e6 4. Bd3 g6 5. b3 Bg7 6. Bb2 O-O 7. Nbd2 Nbd7 8. c3
Re8 9. O-O a6 10. Qc2 c5 11. Rfe1 b5 12. Qb1 c4 13. Bc2 Ng4 14. h3 Nh6 15. e4
Bb7 16. e5 f6 17. Bc1 fxe5 18. Nxe5 Nxe5 19. dxe5 Nf7 20. Nf3 Qc7 21. Bf4 Rac8
22. b4 Rf8 23. g3 Bh6 24. Bxh6 Nxh6 25. Nd4 Qf7 26. f4 Nf5 27. Bxf5 gxf5 28.
Qd1 Qg6 29. Kf2 Kf7 30. Rh1 Rg8 31. Qf3 h5 32. Rhg1 Rg7 33. Rg2 Bc6 1/2-1/2

[Event "Michigan Open Booster"]
[Site "Lansing, MI"]
[Date "2001.09.03"]
[Round "7.10"]
[White "Vasos, John"]
[Black "Zaremba, Anatoli"]
[Result "0-1"]
[WhiteElo "1160"]
[BlackElo "1061"]
[PlyCount "60"]
[EventDate "2001.08.31"]

1. Nf3 Nf6 2. d4 e6 3. Nc3 d5 4. Bf4 Nc6 5. a3 g6 6. Nb5 Bd6 7. Nxd6+ cxd6 8.
b4 O-O 9. Bg5 e5 10. dxe5 dxe5 11. c3 d4 12. cxd4 Nxd4 13. Nxe5 Bf5 14. Nd3 Rc8
15. e3 Nc2+ 16. Kd2 Nxa1 17. Bxf6 Qxf6 18. Be2 Rc2+ 19. Ke1 Qc3+ 20. Kf1 Nb3
21. f3 Rd8 22. Kf2 Bxd3 23. Re1 Rxe2+ 24. Rxe2 Nc1 25. Rd2 Kf8 26. Kg3 Ke8 27.
Qa4+ Ke7 28. Rf2 Ne2+ 29. Kg4 Qe5 30. h4 Qf5# 0-1

[Event "Michigan Open Booster"]
[Site "Lansing, MI"]
[Date "2001.09.03"]
[Round "7.9"]
[White "Vasos, Brandon"]
[Black "Gregg, Ted"]
[Result "0-1"]
[WhiteElo "1087"]
[BlackElo "1182"]
[PlyCount "94"]
[EventDate "2001.08.31"]

1. e4 d6 2. d4 Nf6 3. Nc3 g6 4. Be3 Bg7 5. Nf3 O-O 6. Qd2 c6 7. h3 Nbd7 8. Bh6
Qc7 9. Rg1 b5 10. a4 b4 11. Ne2 a5 12. Qe3 e5 13. Bxg7 Kxg7 14. O-O-O Ba6 15.
Ng3 Bxf1 16. Rgxf1 Rfc8 17. b3 c5 18. d5 c4 19. Rd2 cxb3 20. Qxb3 Nc5 21. Qe3
Nxa4 22. Nf5+ Kf8 23. Qh6+ Ke8 24. Re1 Qd8 25. Ng7+ Kd7 26. Ne6 fxe6 27. Qg7+
Qe7 28. dxe6+ Kd8 29. Qh8+ Kc7 30. Rxd6 Rxh8 31. Rc6+ Kxc6 32. Nxe5+ Kb5 33.
c4+ Ka6 34. Nf7 Rhc8 35. e5 Rxc4+ 36. Kb1 Nc3+ 37. Kb2 Nfd5 38. Nd6 Rd4 39. f4
Nxf4 40. Ra1 Qxe6 41. g4 Qxe5 42. h4 Qxd6 43. h5 Rd2+ 44. Kc1 Rd1+ 45. Kc2 Qd2+
46. Kb3 Rxa1 47. hxg6 Qa2# 0-1

[Event "Michigan Open"]
[Site "Lansing, MI"]
[Date "2001.09.03"]
[Round "6.14"]
[White "Vandivier, Don"]
[Black "Czuhai, Kevin"]
[Result "0-1"]
[WhiteElo "1960"]
[BlackElo "2203"]
[PlyCount "48"]
[EventDate "2001.08.31"]

1. e4 c5 2. Nf3 d6 3. d4 cxd4 4. Nxd4 Nf6 5. Nc3 g6 6. f3 Bg7 7. Be3 Nc6 8. Qd2
O-O 9. g4 Be6 10. Nxe6 fxe6 11. Bc4 Qc8 12. O-O-O Ne5 13. Be2 Nc4 14. Bxc4 Qxc4
15. Bh6 Rac8 16. h4 Rc5 17. h5 Bxh6 18. Qxh6 g5 19. e5 Rxe5 20. Rhe1 Qf4+ 21.
Kb1 Nxg4 22. Qxf8+ Kxf8 23. fxg4 Rxe1 24. Rxe1 Qxg4 0-1

[Event "Michigan Open"]
[Site "Lansing, MI"]
[Date "2001.09.03"]
[Round "7.18"]
[White "Thurman, John"]
[Black "Manion, Tom"]
[Result "0-1"]
[WhiteElo "1601"]
[BlackElo "1830"]
[PlyCount "92"]
[EventDate "2001.08.31"]

1. c4 e5 2. Nc3 Nf6 3. g3 d5 4. cxd5 Nxd5 5. Bg2 Be6 6. Nf3 Nc6 7. O-O Be7 8.
d3 O-O 9. Qc2 Qd7 10. a3 h6 11. h4 Nxc3 12. Qxc3 Bf6 13. e4 Bh3 14. Be3 Rad8
15. Rfd1 Bxg2 16. Kxg2 Qg4 17. Rac1 Rd7 18. Qd2 Be7 19. Rxc6 bxc6 20. Nxe5 Qe6
21. Nxd7 Qxd7 22. Qe2 c5 23. f4 Rb8 24. Rd2 a5 25. Qd1 a4 26. Kf3 Rb3 27. Bf2
c4 28. Ke2 cxd3+ 29. Rxd3 Rxb2+ 30. Ke1 Qh3 31. Qf3 Qe6 32. Bd4 Rb1+ 33. Rd1
Rb3 34. Rd3 Bxa3 35. Bc3 Rb1+ 36. Kf2 Bc5+ 37. Kg2 Rg1+ 38. Kh2 Qa2+ 39. Rd2
Qb1 40. e5 Rf1 41. Qa8+ Kh7 42. Qc6 Bg1+ 43. Kg2 Be3 44. Rb2 Rg1+ 45. Kh2 Qd3
46. e6 Bf2 0-1

[Event "Michigan Open"]
[Site "Lansing, MI"]
[Date "2001.09.03"]
[Round "7.3"]
[White "Szczypka, Tom"]
[Black "Chobanyan, Sergei"]
[Result "0-1"]
[WhiteElo "1977"]
[BlackElo "2286"]
[PlyCount "68"]
[EventDate "2001.08.31"]

1. c4 e5 2. d3 Nc6 3. g3 g6 4. b3 Bg7 5. Bb2 Nge7 6. Bg2 d5 7. cxd5 Nxd5 8. Nf3
O-O 9. Qd2 h6 10. Nc3 Be6 11. O-O Nxc3 12. Qxc3 Qd7 13. Rac1 Bh3 14. b4 a6 15.
a4 Bxg2 16. Kxg2 Rac8 17. Qb3 Nd4 18. Nxd4 exd4 19. b5 axb5 20. Qxb5 c6 21. Qc5
Rfe8 22. Rc2 Re6 23. f4 Rce8 24. Rf2 Rd6 25. Rc4 Rde6 26. Kf1 b6 27. Qxb6 Qd5
28. Ke1 Qh1+ 29. Kd2 Qd5 30. Bxd4 Rd6 31. e3 Red8 32. Kc3 Qh1 33. Qb2 c5 34.
Rxc5 Rxd4 0-1

[Event "Michigan Open Reserve"]
[Site "Lansing, MI"]
[Date "2001.09.03"]
[Round "7.15"]
[White "Swathell, Gary"]
[Black "Kahn, Aaron"]
[Result "1-0"]
[WhiteElo "1570"]
[BlackElo "1474"]
[PlyCount "57"]
[EventDate "2001.08.31"]

1. Nf3 d5 2. c4 c6 3. cxd5 cxd5 4. d4 Nc6 5. g3 g6 6. Bg2 Bg7 7. O-O Nf6 8. Nc3
O-O 9. Bg5 Ne4 10. Bf4 f5 11. Ne5 Qb6 12. Nxd5 Qxb2 13. Nxc6 bxc6 14. Nxe7+ Kh8
15. Nxc8 Raxc8 16. Be5 Bxe5 17. dxe5 Qxe5 18. Qa4 Nc3 19. Qxa7 Nxe2+ 20. Kh1
Qc7 21. Qa3 Qg7 22. Rad1 c5 23. Rfe1 Nd4 24. Rc1 c4 25. Re7 Qf6 26. Qa7 Rfe8
27. Rxh7+ Kg8 28. Bd5+ Kf8 29. Rf7+ 1-0

[Event "Michigan Open Reserve"]
[Site "Lansing, MI"]
[Date "2001.09.03"]
[Round "5.6"]
[White "Steen, Harold"]
[Black "Schey, Danny"]
[Result "0-1"]
[WhiteElo "1602"]
[BlackElo "1717"]
[PlyCount "80"]
[EventDate "2001.08.31"]

1. d4 d6 2. Nf3 Nf6 3. e3 Bg4 4. c4 Nbd7 5. Nbd2 e5 6. Qc2 g6 7. Bd3 Bg7 8. O-O
O-O 9. b3 Re8 10. Ng5 Nf8 11. Bb2 N6d7 12. Nge4 exd4 13. exd4 Ne6 14. d5 Nd4
15. Bxd4 Bxd4 16. Rae1 Ne5 17. Kh1 Bd7 18. f4 Ng4 19. Rf3 Qh4 20. Nf1 Qxe1 21.
h3 Qh4 22. Nh2 Nxh2 23. Kxh2 Qe1 24. Rf1 Qe3 25. Ng3 f5 26. Ne2 Bf6 27. Rf3 Qe7
28. Ng3 Bh4 29. Nf1 c6 30. Ne3 Qg7 31. dxc6 Bxc6 32. Nd5 Bxd5 33. cxd5 Rac8 34.
Qd2 Qd4 35. Qa5 Re1 36. Bf1 Re3 37. Qb5 Rxf3 38. gxf3 Qxf4+ 39. Kh1 Qxf3+ 40.
Bg2 Rc1+ 0-1

[Event "Michigan Open Reserve"]
[Site "Lansing, MI"]
[Date "2001.09.03"]
[Round "7.7"]
[White "Steen, Harold"]
[Black "Katsuhara, Osamu"]
[Result "1/2-1/2"]
[WhiteElo "1602"]
[BlackElo "1308"]
[PlyCount "62"]
[EventDate "2001.08.31"]

1. d4 d5 2. Nf3 Bf5 3. e3 e6 4. c4 c6 5. Qb3 Qc8 6. cxd5 exd5 7. Bd2 Nd7 8. Nc3
Ngf6 9. Rc1 Be7 10. Be2 O-O 11. O-O Rb8 12. Ne5 Qd8 13. f4 Qb6 14. Qxb6 Nxb6
15. g4 Bc8 16. g5 Nfd7 17. Bd3 Nxe5 18. dxe5 f6 19. exf6 gxf6 20. g6 hxg6 21.
Bxg6 Nc4 22. Rf2 f5 23. Nd1 Kg7 24. Rg2 Nxd2 25. Bxf5+ Kf6 26. Bxc8 Nf3+ 27.
Kf2 Nh4 28. Rg4 Rh8 29. Kg3 Kf7 30. Bxb7 Rxb7 31. Rxc6 Nf5+ 1/2-1/2

[Event "Michigan Open Booster"]
[Site "Lansing, MI"]
[Date "2001.09.03"]
[Round "5.17"]
[White "Stapel, Scott"]
[Black "Welch, Eric"]
[Result "0-1"]
[WhiteElo "659"]
[BlackElo "1079"]
[PlyCount "66"]
[EventDate "2001.08.31"]

1. d4 d5 2. c4 Nf6 3. Nf3 Bg4 4. g3 Bxf3 5. exf3 Nbd7 6. Bg2 dxc4 7. O-O Nd5 8.
f4 e6 9. Re1 N7b6 10. Bxd5 Nxd5 11. Qa4+ Qd7 12. Qxd7+ Kxd7 13. Nc3 Bb4 14. a3
Bxc3 15. bxc3 Nxc3 16. Bd2 Nd5 17. a4 a5 18. Rec1 c3 19. Bxc3 Nxc3 20. Rxc3 f5
21. Rb1 b6 22. Rb5 Rab8 23. d5 Kd6 24. Rc6+ Kd7 25. Rxe6 Rhe8 26. Rxe8 Rxe8 27.
d6 Kxd6 28. Rxf5 c6 29. Rf7 c5 30. Rxg7 c4 31. Rxh7 c3 32. Rh6+ Re6 33. f5 Rxh6
0-1

[Event "Michigan Open"]
[Site "Lansing, MI"]
[Date "2001.09.03"]
[Round "6.20"]
[White "Spooner, Frank"]
[Black "Smith, Ken"]
[Result "1-0"]
[WhiteElo "1736"]
[BlackElo "1830"]
[PlyCount "47"]
[EventDate "2001.08.31"]

1. Nf3 Nf6 2. e3 d5 3. b3 c5 4. Bb2 Nc6 5. Bb5 a6 6. Bxc6+ bxc6 7. Ne5 Qc7 8.
O-O e6 9. d3 Bd6 10. f4 O-O 11. Nd2 Nd7 12. Ndf3 f6 13. Nxd7 Bxd7 14. Qe1 e5
15. fxe5 fxe5 16. Qg3 d4 17. e4 Rf4 18. h3 Raf8 19. Bc1 R4f6 20. Bg5 R6f7 21.
Rf2 Be6 22. Raf1 Kh8 23. Qh4 Bc8 24. Bd8 1-0

[Event "Michigan Open Booster"]
[Site "Lansing, MI"]
[Date "2001.09.03"]
[Round "6.7"]
[White "Sohb, Tarek"]
[Black "Cowans, Winston"]
[Result "0-1"]
[WhiteElo "1291"]
[BlackElo "1216"]
[Annotator "Bob Ciaffone"]
[PlyCount "118"]
[EventDate "2001.08.31"]

{Bird: Dutch (Canard) White creates holes in his position by some ill-advised
pawn moves. Black immediately spots the weaknesses and targets them. At the
point where white thinks he will finally be able to evict an intruder, the
black lady, he gets a rude surprise from his sharp-eyed adversary.} 1. f4 {
Bird's Opening; playable, but not mainline stuff.} d5 2. d4 $6 {This aims for
the stonewall setup, where white creates a hole on e4. If one wants to play
chess this way, it is better to not telegraph your punch so early, and play a
non-committal 2.Nf3 first.} Bf5 3. Nf3 Nf6 4. c3 e6 5. e3 Be7 6. Be2 Nc6 {
Castling looks more flexible, allowing the possibility of playing c5 at some
time.} 7. h3 $6 {Creates a hole on g3.} Ne4 $1 {Black immediately aims at the
newly created weakness.} 8. O-O Ng3 9. Rf2 Bh4 10. Nxh4 Qxh4 {White's weak
squares in the king's field have been immediately occupied.} 11. Bg4 $2 {
Better is 11.Nd2 to head for f3 quickly.} Ne4 12. Rf1 Ne7 13. Nd2 Ng3 14. Rf2
h5 $1 {Black conducts the attack excellently.} 15. Nf3 $4 {White thinks he can
now ease some of the pressure on his kingside by chasing back the black queen,
but... DIAGRAM How does Black win?} Bxg4 $3 {The black queen does not have to
move! This capture pins the knight that attacks her. White is forced to take
the black queen with his pinned knight, so he loses a piece, because his own
queen is undefended..} 16. Nxh4 Bxd1 {White kept struggling for many more
moves, but being down a piece for no compensation, had no chance. We'll spare
you from viewing the rest of his torment.} 17. b3 Ne4 18. Rf1 Be2 19. Re1 Ba6
20. Bb2 g5 21. Nf3 gxf4 22. exf4 Rg8 23. c4 c6 24. Rac1 Ng6 25. Rc2 Nxf4 26.
Kh2 Rg7 27. cxd5 exd5 28. Ne5 f6 29. Nf3 Bd3 30. Rf2 Kd7 31. Rxe4 Bxe4 32. Nh4
Nd3 33. Re2 Nxb2 34. Rxb2 Rag8 35. Rf2 Ke6 36. b4 a6 37. a4 Rg5 38. b5 a5 39.
bxc6 bxc6 40. Kg1 Rg3 41. Rb2 Ra3 42. Rb6 Kd6 43. Rb7 Rxa4 44. Rb2 Rxd4 45. Rf2
Ke5 46. Re2 a4 47. Nf3+ Kd6 48. Nxd4 a3 49. Rf2 f5 50. Kh2 Ra8 51. Kg3 a2 52.
Nb3 a1=Q 53. Nxa1 Rxa1 54. Kh4 Rg1 55. Kxh5 Rxg2 56. Rxg2 Bxg2 57. h4 Ke5 58.
Kg5 Bf3 59. h5 Bxh5 0-1

[Event "Michigan Open"]
[Site "Lansing, MI"]
[Date "2001.09.03"]
[Round "6.16"]
[White "Skidmore, Mike"]
[Black "Williams, Ron"]
[Result "1-0"]
[WhiteElo "1837"]
[BlackElo "1999"]
[Annotator "Don Vandivier"]
[PlyCount "75"]
[EventDate "2001.08.31"]

1. e4 c5 2. Nf3 Nc6 3. Bb5 g6 4. O-O Bg7 5. c3 Qb6 6. Bxc6 {The "book moves"
are 6.Na3 or 6.Bc4} bxc6 7. d3 d6 {Also playable are 7...d5 or 7...Ba6} 8. Re1
e5 9. Nbd2 Ne7 10. Nc4 Qc7 11. Bg5 f6 12. Be3 Bg4 13. h3 Bxf3 14. Qxf3 O-O 15.
d4 d5 16. Nd2 f5 17. dxe5 fxe4 18. Qg4 Rf5 19. Bxc5 Bxe5 20. Qh4 Nc8 21. Qg4
Qf7 22. Rf1 Nb6 23. Qe2 Nd7 24. Be3 Bd6 25. Rad1 Ne5 $2 {DIAGRAM!} 26. Nxe4 $1
{Skidmore wastes no time in taking advantage of Black's mistake.} Be7 $2 {
Probably a little shaken up by White's Knight move, Black overlooks that the
proper square to retreat the bishop to was c7.} 27. Ng3 $1 {Now Black drops
the exchange} Bd6 (27... Rf6 $2 28. Bd4) 28. Nxf5 Qxf5 29. Bd4 Rf8 30. Rde1 Nf7
31. Qe6 Qf4 32. g3 Qh6 33. Be3 Qh5 34. Kg2 d4 35. Bxd4 Qb5 36. c4 Qh5 37. Qf6
Qh6 38. Be3 1-0

[Event "Michigan Open"]
[Site "Lansing, MI"]
[Date "2001.09.03"]
[Round "6.13"]
[White "Skidmore, Jennifer"]
[Black "Loo, James"]
[Result "1-0"]
[WhiteElo "1906"]
[BlackElo "1568"]
[PlyCount "83"]
[EventDate "2001.08.31"]

1. e4 c5 2. Nc3 g6 3. f4 Bg7 4. Nf3 e6 5. g3 Ne7 6. Bg2 Nbc6 7. O-O d6 8. d3
Qb6 9. Kh1 Bd7 10. Qe1 Nd4 11. Nxd4 cxd4 12. Ne2 Rc8 13. c4 O-O 14. b4 a6 15.
a4 Qa7 16. Bb2 e5 17. b5 a5 18. Ba3 Qb6 19. h3 f5 20. fxe5 Bxe5 21. Nf4 Qc7 22.
Rc1 b6 23. Rc2 Rf7 24. exf5 gxf5 25. Qe2 Rg7 26. Qf3 Kh8 27. Re2 Rcg8 28. Nh5
Qd8 29. Rxe5 dxe5 30. Nxg7 Rxg7 31. Bd6 Ng6 32. Re1 Qf6 33. Qd5 Be6 34. Bxe5
Nxe5 35. Qxe5 Qxe5 36. Rxe5 Bd7 37. Kh2 Kg8 38. Rd5 Re7 39. Rxd4 Kf7 40. g4
fxg4 41. hxg4 h5 42. gxh5 1-0